[Event "Vilnius"]
[Site "Vilnius"]
[Date "1988.??.??"]
[Round "?"]
[White "Smirin, Ilia"]
[Black "Dreev, Alexey"]
[Result "1/2-1/2"]
[WhiteElo "2510"]
[BlackElo "2485"]

1.e4 c6 2.d4 d5 3.Nd2 dxe4 4.Nxe4 Nd7 5.Ng5 Ngf6 6.Bd3 e6 7.N1f3 Bd6 8.Qe2 h6
9.Ne4 Nxe4 10.Qxe4 Nf6 11.Qe2 Qb6 12.O-O O-O 13.a3 Qc7 14.c4 b6 15.b4 c5
16.dxc5 bxc5 17.bxc5 Bxc5 18.Bb2 Bb7 19.Bxf6 gxf6 20.Be4 Bxe4 21.Qxe4 f5
22.Qc2 Kh7 23.Rfd1 Rg8 24.Rd3 Rg4 25.Rad1 Rag8 26.g3 Rxc4 27.Qb2 Be7 28.Rd7 Qc5
29.Qb7 Re8 30.Qxa7 Qxa7 31.Rxa7 Rc3 32.Ne5 Rxa3 33.Rb7 Kg8 34.Rdd7 Ra5 35.Nc6 Ra1+
36.Kg2 Bf6 37.Rxf7 Rf8 38.Rfd7 Rfa8 39.Rh7 Rb1 40.Rbc7 Re8  1/2-1/2

[Event "Vilnius"]
[Site "Vilnius"]
[Date "1988.??.??"]
[Round "?"]
[White "Dreev, Alexey"]
[Black "Serper, Grigory"]
[Result "1/2-1/2"]
[WhiteElo "2485"]
[BlackElo "2450"]

1.d4 Nf6 2.c4 c6 3.Nc3 d5 4.e3 e6 5.Nf3 Nbd7 6.Qc2 Be7 7.b3 O-O 8.Bb2 b6
9.Bd3 Bb7 10.O-O h6 11.Rfd1 Qc7 12.Rac1 Rac8 13.Qe2 Qb8 14.Ne5 Nxe5 15.dxe5 Nd7
16.f4 Nc5 17.Bb1 dxc4 18.bxc4 a6 19.Ba3 Rc7 20.Bxc5 Bxc5 21.Ne4 Be7 22.Qc2 g6
23.Nf6+ Bxf6 24.exf6 Rd8 25.h4 h5 26.c5 bxc5 27.g4 Rdd7 28.Rxd7 Rxd7 29.Rd1 Rd5
30.gxh5 Qd8 31.Rxd5 cxd5 32.Qb2 Bc6 33.hxg6 d4 34.e4 Qxf6 35.Qb8+ Kg7 36.h5 d3
37.h6+ Kxh6 38.Qf8+ Kxg6 39.Qg8+ Kh6 40.e5 Qg7+ 41.Qxg7+ Kxg7 42.Bxd3 Bb5
43.Bc2 Bc4 44.a3 Ba2 45.Kf2 c4 46.Ke3 Bb3 47.Bb1 c3 48.Kd3 c2 49.Bxc2 Bxc2+
50.Kxc2 Kg6 51.Kd3 Kh5 52.Ke3 Kh4 53.Kd4 Kh3 54.Kd3 Kg2 55.Ke2 Kg3 56.Ke3 Kh4
57.Kd4 Kg4 58.Ke4 Kh5 59.Ke3 Kh4 60.Kd4  1/2-1/2

[Event "Vilnius"]
[Site "Vilnius"]
[Date "1988.??.??"]
[Round "?"]
[White "Dreev, Alexey"]
[Black "Rozentalis, Eduardas"]
[Result "1-0"]
[WhiteElo "2485"]
[BlackElo "2520"]

1.d4 e6 2.c4 Nf6 3.Nf3 b6 4.Nc3 Bb7 5.a3 d5 6.cxd5 exd5 7.g3 Be7 8.Qa4+ c6
9.Bg2 O-O 10.O-O Nbd7 11.Bg5 a6 12.Rad1 Nh5 13.Bf4 Nxf4 14.gxf4 a5 15.e3 b5
16.Qc2 b4 17.axb4 axb4 18.Ne2 Qb6 19.Ng3 b3 20.Qf5 Nf6 21.Kh1 Ra2 22.Qb1 Ba6
23.Rg1 Ng4 24.Rd2 Bb4 25.Bh3 Bxd2 26.Bxg4 Bb4 27.Nh5 g6 28.Nf6+ Kg7 29.Ne5 Qc7
30.Nfd7 Ra8 31.Qf5 Rf8 32.Qf6+ Kg8 33.Nxg6 hxg6 34.Be6  1-0

[Event "Vilnius"]
[Site "Vilnius"]
[Date "1988.??.??"]
[Round "?"]
[White "Dreev, Alexey"]
[Black "Krasenkow, Michal"]
[Result "1-0"]
[WhiteElo "2485"]
[BlackElo "2460"]

1.e4 c5 2.Nf3 Nc6 3.Bb5 g6 4.O-O Bg7 5.c3 e5 6.d4 exd4 7.Bf4 Nge7 8.Bd6 b6
9.cxd4 Nxd4 10.Nxd4 Bxd4 11.Nc3 Bb7 12.Qg4 a6 13.Bc4 b5 14.Bb3 Nc8 15.Bf4 O-O
16.Rad1 Qe7 17.Bg5 Qe5 18.Bf4 Qg7 19.Qxd7 Bxc3 20.bxc3 Bxe4 21.Rfe1 Bf5 22.Qc6 Na7
23.Qxc5 Rfc8 24.Bc7 b4 25.Re7 bxc3 26.Rxf7 Qxf7 27.Bxf7+ Kxf7 28.Qxc3 Nb5
29.Qb3+  1-0

[Event "Vilnius"]
[Site "Vilnius"]
[Date "1988.??.??"]
[Round "?"]
[White "Dreev, Alexey"]
[Black "Janjgava, Lasha"]
[Result "1-0"]
[WhiteElo "2485"]
[BlackElo "2425"]

1.d4 Nf6 2.Nf3 d5 3.c4 e6 4.Nc3 Bb4 5.Bg5 dxc4 6.e4 c5 7.Bxc4 cxd4 8.Nxd4 Bxc3+
9.bxc3 Qa5 10.Bxf6 Qxc3+ 11.Kf1 gxf6 12.Rc1 Qa5 13.h4 Ke7 14.Rh3 Rd8 15.Rd3 Nc6
16.Nxc6+ bxc6 17.Rxd8 Qxd8 18.Qh5 Qd4 19.Be2 Rb8 20.Qa5 Rb7 21.Kg1 Bd7 22.Qa3+ Ke8
23.Rd1 Qxe4 24.Bf3 Qxh4 25.Qa6 Rc7 26.Qd3 Qf4 27.Bxc6 Kf8 28.Bxd7 Rc1 29.Qa3+  1-0

[Event "Vilnius"]
[Site "Vilnius"]
[Date "1988.??.??"]
[Round "?"]
[White "Dreev, Alexey"]
[Black "Akopian, Vladimir"]
[Result "0-1"]
[WhiteElo "2485"]
[BlackElo "2460"]

1.e4 e5 2.Nf3 Nc6 3.c3 Nf6 4.d4 Nxe4 5.d5 Ne7 6.Nxe5 Ng6 7.Nxg6 hxg6 8.Qe2 Qe7
9.Na3 Nf6 10.d6 Qxe2+ 11.Bxe2 Bxd6 12.Nb5 Ke7 13.Bc4 Ne8 14.Be3 b6 15.Nxd6 Nxd6
16.Bd3 Nf5 17.Bf4 d6 18.O-O-O Be6 19.Rhe1 Kf6 20.c4 Rh4 21.Re4 g5 22.Bd2 Rxh2
23.Rde1 g6 24.Rg4 Rh5 25.Be4 Rc8 26.Bb7 Re8 27.Bc6 Rd8 28.Bd5 c5 29.Bc3+ Nd4
30.Bxd4+ cxd4 31.Bxe6 fxe6 32.Rxd4 Rh2 33.Rde4 e5 34.Rg1 Rh4 35.g4 Ke6 36.f3 Rh3
37.Rf1 Rc8 38.b3 d5 39.Re3 dxc4 40.bxc4 Rxc4+ 41.Kb1 Rxg4  0-1

[Event "Vilnius"]
[Site "Vilnius"]
[Date "1988.??.??"]
[Round "?"]
[White "Naumkin, Igor"]
[Black "Dreev, Alexey"]
[Result "0-1"]
[WhiteElo "2485"]
[BlackElo "2485"]

1.d4 d5 2.c4 e6 3.Nc3 Nf6 4.cxd5 exd5 5.Bg5 Nbd7 6.e3 Be7 7.Bd3 O-O 8.Nge2 Re8
9.Qc2 Nf8 10.O-O c6 11.f3 Ng6 12.e4 dxe4 13.fxe4 Be6 14.Rad1 Ng4 15.Bc1 c5
16.d5 Bd7 17.h3 Qb6 18.hxg4 c4+ 19.Kh1 cxd3 20.Qxd3 Bxg4 21.Qg3 h5 22.Be3 Qa6
23.Qf2 Bh4 24.Qxf7+ Kh7 25.Rfe1 Re7 26.Qf1 Rf8 27.Qg1 Bxe1 28.Rxe1 Bxe2 29.d6 Qxd6
30.Bc5 Qg3 31.Bxe7 Nxe7  0-1

[Event "Vilnius"]
[Site "Vilnius"]
[Date "1988.??.??"]
[Round "?"]
[White "Gelfand, Boris"]
[Black "Dreev, Alexey"]
[Result "1/2-1/2"]
[WhiteElo "2505"]
[BlackElo "2485"]

1.e4 c6 2.d4 d5 3.Nd2 dxe4 4.Nxe4 Nd7 5.Ng5 Ngf6 6.Bd3 Qc7 7.Ne2 e6 8.c4 Bb4+
9.Nc3 O-O 10.O-O e5 11.a3 Bxc3 12.bxc3 h6 13.Ne4 Nxe4 14.Bxe4 Nf6 15.Bf3 Be6
16.Qe2 e4 17.Bxe4 Nxe4 18.Qxe4 Bxc4 19.Re1 Qd7 20.Bf4 Rfe8 21.Qf3 Rxe1+ 22.Rxe1 Re8
23.Rxe8+ Qxe8 24.Qe3 Qxe3 25.Bxe3  1/2-1/2

[Event "EU-ch U20"]
[Site "Arnhem"]
[Date "1989.??.??"]
[Round "?"]
[White "Fogarasi, Tibor"]
[Black "Dreev, Alexey"]
[Result "0-1"]
[WhiteElo "2395"]
[BlackElo "2570"]

1.e4 e5 2.Nf3 d6 3.d4 exd4 4.Nxd4 g6 5.Nc3 Bg7 6.Be3 Nf6 7.Qd2 O-O 8.O-O-O Re8
9.f3 Nc6 10.g4 Ne5 11.Be2 a6 12.g5 Nh5 13.Rhg1 b5 14.f4 Nc4 15.Bxc4 bxc4
16.f5 Bb7 17.f6 Bf8 18.Rg4 Rb8 19.Qe2 c5 20.Nf5 Qb6 21.Rh4 Bxe4 22.Nxe4 Qxb2+
23.Kd2 d5 24.Ned6 Qb4+ 25.c3 Qb2+ 26.Ke1 Qxc3+ 27.Qd2 Qxd2+ 28.Kxd2 Re6 29.Rxh5 Bxd6
30.Nxd6 d4 31.Bf4 Rb2+ 32.Kc1 Ree2 33.Re1 Rxe1+ 34.Kxb2 c3+ 35.Kc2 gxh5 36.Nf5 Re2+
37.Kd3 Rf2 38.Nh6+ Kf8 39.Bc1 c2 40.h4 Ke8 41.Ng8 c4+  0-1

[Event "EU-ch U20"]
[Site "Arnhem"]
[Date "1989.??.??"]
[Round "?"]
[White "Dreev, Alexey"]
[Black "Topalov, Veselin"]
[Result "1/2-1/2"]
[WhiteElo "2570"]
[BlackElo "2460"]

1.d4 Nf6 2.c4 e5 3.dxe5 Ng4 4.Bf4 g5 5.Bd2 Nxe5 6.e4 Bg7 7.Nc3 d6 8.Nf3 h6
9.Be2 Nbc6 10.h4 Nxf3+ 11.Bxf3 Be6 12.hxg5 hxg5 13.Rxh8+ Bxh8 14.Nd5 Ne5
15.Be2 c6 16.Ne3 Qb6 17.Qb3 Nd7  1/2-1/2

[Event "EU-ch U20"]
[Site "Arnhem"]
[Date "1989.??.??"]
[Round "?"]
[White "Dreev, Alexey"]
[Black "Stefansson, Hannes"]
[Result "0-1"]
[WhiteElo "2570"]
[BlackElo "2470"]

1.d4 Nf6 2.Nf3 e6 3.Bg5 d5 4.e3 Be7 5.Nbd2 O-O 6.Bd3 b6 7.O-O Bb7 8.c3 Nh5
9.Bxe7 Qxe7 10.Ne5 Nf6 11.f4 Nbd7 12.Rf3 g6 13.h4 Kh8 14.Rh3 Rg8 15.g4 Ne8
16.g5 f6 17.gxf6 Ndxf6 18.Ndf3 Nd6 19.Qe2 Nf5 20.Kh2 Rg7 21.Rg1 Bc8 22.Ng5 a5
23.e4 Nd6 24.Nxg6+ hxg6 25.e5 Nh5 26.exd6 cxd6 27.Rf1 e5 28.f5 Nf4 29.Rxf4 exf4
30.Qxe7 Rxe7 31.f6 Bxh3 32.fxe7 Bd7 33.Bxg6 Kg7 34.Bf7 Rh8 35.Kg2 Kf6 36.Kf3 Kxe7
37.h5 Be8 38.Bxd5 Bxh5+ 39.Kxf4 Rf8+  0-1

[Event "EU-ch U20"]
[Site "Arnhem"]
[Date "1989.??.??"]
[Round "?"]
[White "Dreev, Alexey"]
[Black "Markovic, Ivan"]
[Result "1/2-1/2"]
[WhiteElo "2570"]
[BlackElo "2370"]

1.d4 f5 2.g3 Nf6 3.Bg2 g6 4.Nf3 Bg7 5.O-O O-O 6.b3 d6 7.Bb2 Ng4 8.c4 Nc6
9.Nc3 e5 10.dxe5 dxe5 11.Qxd8 Rxd8 12.e4 Nd4 13.Rad1 c6 14.h3 Nh6 15.Rfe1  1/2-1/2

[Event "EU-ch U20"]
[Site "Arnhem"]
[Date "1989.??.??"]
[Round "?"]
[White "Dreev, Alexey"]
[Black "Hracek, Zbynek"]
[Result "0-1"]
[WhiteElo "2570"]
[BlackElo "2390"]

1.d4 Nf6 2.Nf3 e6 3.c4 b6 4.Nc3 Bb4 5.Qb3 c5 6.Bf4 Nc6 7.e3 cxd4 8.Nxd4 Nxd4
9.exd4 Qe7 10.Bd3 Bb7 11.O-O O-O 12.Bg5 Bxc3 13.bxc3 h6 14.Bh4 g5 15.Bg3 Be4
16.Be2 Bg6 17.Qb4 Qxb4 18.cxb4 Ne4 19.Rfc1 Rfc8 20.a4 Nxg3 21.hxg3 Kf8 22.a5 Ke7
23.b5 Rab8 24.c5 bxc5 25.dxc5 Be4 26.b6 d6 27.Ra4 Bd5 28.bxa7 Ra8 29.cxd6+ Kxd6
30.Rxc8 Rxc8 31.Rb4 Ra8 32.Rb8 Rxa7 33.a6 Rc7 34.f3 Rc2 35.Kf1 Ra2 36.Rc8 h5
37.Kf2 f6 38.Rc3 Ra1 39.Rc2 Ra3 40.Rb2 Kc5 41.Rb8 Kd4 42.Rc8 f5 43.Rc7 e5
44.a7 g4 45.Rh7 e4 46.fxe4 fxe4 47.Rxh5 Ra1 48.Bd1 e3+ 49.Ke1 Bxg2 50.Rh8 Bf3
51.Rd8+ Kc5 52.a8=Q Bxa8 53.Rxa8 Rxa8 54.Bxg4 Rg8 55.Bf5 Rxg3 56.Ke2 Kd4
57.Be6 Rg2+ 58.Ke1 e2 59.Kd2 Rg7 60.Bh3 Re7 61.Ke1 Ke3 62.Bf5 Rf7  0-1

[Event "EU-ch U20"]
[Site "Arnhem"]
[Date "1989.??.??"]
[Round "?"]
[White "Dreev, Alexey"]
[Black "Pedzich, Dominik"]
[Result "1-0"]
[WhiteElo "2570"]
[BlackElo "2365"]

1.d4 Nf6 2.Nf3 g6 3.c4 Bg7 4.Nc3 O-O 5.e4 d6 6.Be2 e5 7.O-O Nc6 8.d5 Ne7
9.Ne1 Nd7 10.Nd3 f5 11.Bd2 Nf6 12.f3 f4 13.g4 h5 14.h3 Nh7 15.Be1 Bf6 16.c5 Kg7
17.Kg2 Ng8 18.Rc1 Rf7 19.Nb5 a6 20.Na3 hxg4 21.hxg4 Ng5 22.Nc4 Nh6 23.cxd6 cxd6
24.Ba5 Qh8 25.Rh1 Qf8 26.Nf2 b5 27.Nb6 Bd8 28.Qe1 b4 29.Qxb4 Rb7 30.Rc6 Rab8
31.Qc3 Bxg4 32.Rxh6 Bh5 33.Rxh5 gxh5 34.Nc4 Nf7 35.Nxd6 Nxd6 36.Qxe5+ Qf6
37.Bc3 Kf7 38.Qxh5+ Qg6+ 39.Qxg6+ Kxg6 40.Rxd6+ Kf7 41.Ng4 a5 42.Ne5+ Ke7  1-0

[Event "EU-ch U20"]
[Site "Arnhem"]
[Date "1989.??.??"]
[Round "?"]
[White "Norri, Joose"]
[Black "Dreev, Alexey"]
[Result "0-1"]
[WhiteElo "2370"]
[BlackElo "2570"]

1.d4 d5 2.c4 c6 3.Nc3 Nf6 4.Nf3 e6 5.e3 Nbd7 6.Bd3 dxc4 7.Bxc4 b5 8.Bd3 Bb7
9.e4 b4 10.Na4 c5 11.e5 Nd5 12.O-O cxd4 13.Nxd4 Nxe5 14.Bb5+ Nd7 15.Re1 Rc8
16.Qg4 Nf6 17.Qe2 Be7 18.Bg5 Bd5 19.Rad1 O-O 20.Nf5 h6 21.Nxh6+ gxh6 22.Bxh6 Bd6
23.Bxd7 Qxd7 24.Rd4 e5 25.Qd2 Qf5 26.Rxd5 Rc2 27.Rxd6 Rxd2 28.Rxd2 Rc8 29.h3 Rc2
30.Rd8+ Kh7 31.Be3 Ne4 32.Rf1 Qe6 33.Ra8 a6 34.Rd1 Rc8 35.Ra7 Rg8 36.Rdd7 Rg7
37.Kh2 Qc6  0-1

[Event "EU-ch U20"]
[Site "Arnhem"]
[Date "1989.??.??"]
[Round "?"]
[White "Dreev, Alexey"]
[Black "Agnos, Demetrios"]
[Result "1-0"]
[WhiteElo "2570"]
[BlackElo "2375"]

1.e4 d6 2.d4 Nf6 3.Nc3 g6 4.Bg5 Nbd7 5.f4 h6 6.Bh4 Nh5 7.f5 Bg7 8.Bc4 Nhf6
9.fxg6 fxg6 10.Nf3 g5 11.Bg3 Nh5 12.Ne5 Nxg3 13.Nf7 Nxh1 14.Nxd6+ Kf8 15.Qh5  1-0

[Event "EU-ch U20"]
[Site "Arnhem"]
[Date "1989.??.??"]
[Round "?"]
[White "Dreev, Alexey"]
[Black "Degraeve, Jean Marc"]
[Result "1-0"]
[WhiteElo "2570"]
[BlackElo "2365"]

1.d4 e6 2.c4 b6 3.Nc3 Bb7 4.Nf3 Bb4 5.Qb3 Qe7 6.Bf4 Bxc3+ 7.Qxc3 d6 8.c5 dxc5
9.dxc5 Nf6 10.cxb6 cxb6 11.Rd1 Nbd7 12.Bd6 Qd8 13.e3 Qc8 14.Qa3 a6 15.Be2 Ne4
16.O-O Qc6 17.Bf4 Qc5 18.Qa4 b5 19.Qa5 Rc8 20.Nd4 e5 21.Nb3 Qc6 22.Bg4 f5
23.Bxf5 Nef6 24.e4 exf4 25.Rc1 Qd6 26.e5 Qd5 27.Rxc8+ Bxc8 28.exf6 Qxf5 29.Qe1+ Kd8
30.Qe7+ Kc7 31.fxg7 Rg8 32.Rc1+ Kb8 33.Qd6+ Ka8 34.Rxc8+ Rxc8 35.Qxa6+ Kb8
36.Qxc8+ Kxc8 37.g8=Q+ Kb7 38.h3 Qb1+ 39.Kh2 Qxb2 40.Qxh7 Kc8 41.Qg8+ Kc7
42.Qa8 Qxf2 43.Qa5+ Kc6 44.Qc3+ Kd5 45.Qd3+ Ke5 46.Qxb5+ Kf6 47.Qc6+ Ke5
48.Qc3+ Kf5 49.Nd4+  1-0

[Event "URS-sf Russia-ch"]
[Site "Gorky"]
[Date "1989.??.??"]
[Round "?"]
[White "Dreev, Alexey"]
[Black "Kharitonov, Andrei Y"]
[Result "1/2-1/2"]
[WhiteElo "2570"]
[BlackElo "2505"]

1.e4 c6 2.d4 d5 3.Nd2 dxe4 4.Nxe4 Nd7 5.Nf3 Ngf6 6.Nxf6+ Nxf6 7.c3 Bg4 8.Bc4 e6
9.O-O Be7 10.Bg5 O-O 11.Re1 Nd5 12.Bxe7 Qxe7 13.h3 Bxf3 14.Qxf3 Qf6 15.Qxf6 Nxf6
16.g3  1/2-1/2

[Event "URS-sf Russia-ch"]
[Site "Gorky"]
[Date "1989.??.??"]
[Round "?"]
[White "Dreev, Alexey"]
[Black "Khasin, Alexander"]
[Result "1/2-1/2"]
[WhiteElo "2570"]
[BlackElo "2445"]

1.d4 Nf6 2.c4 e6 3.Nf3 Bb4+ 4.Nbd2 b6 5.a3 Bxd2+ 6.Qxd2 Bb7 7.e3 O-O 8.Be2 Ne4
9.Qc2 d6 10.b4 Nd7 11.O-O Qe7 12.Bb2 f5 13.d5 e5 14.Bd3 c6 15.dxc6 Bxc6 16.Ne1 Qf7
17.f3 Ng5 18.Rd1 Rae8 19.Qd2  1/2-1/2

[Event "URS-sf Russia-ch"]
[Site "Gorky"]
[Date "1989.??.??"]
[Round "?"]
[White "Fokin, Sergey"]
[Black "Dreev, Alexey"]
[Result "1/2-1/2"]
[WhiteElo "2380"]
[BlackElo "2570"]

1.d4 d5 2.c4 c6 3.e3 Nf6 4.Nc3 e6 5.Nf3 Nbd7 6.Qc2 Bd6 7.Be2 O-O 8.O-O dxc4
9.Bxc4 b5 10.Bd3 Bb7 11.e4 e5 12.dxe5 Nxe5 13.Nxe5 Bxe5 14.Qe2 Re8 15.Be3 Bxc3
16.bxc3 Nxe4 17.Qc2 Nf6 18.Rfd1 Qc7 19.h3 h6 20.c4 b4 21.c5 Nd5 22.Bd4 Qf4
23.Bc4 Nc3 24.g3 Qe4 25.Rd2 Qxc2 26.Rxc2 Re4 27.Rd2 Nb5 28.Bxb5 cxb5 29.Be3 a5
30.Rd6 Rc8 31.Rb6 Bc6 32.g4 a4 33.Rd1 b3 34.axb3 axb3 35.Rb1 Rb4 36.Bd2 Rd4
37.Be3 Rd3 38.Rb2 g5 39.Kh2 Bd5 40.Rxb5 Rd1 41.f4 Re8 42.R5xb3 Re1 43.Rd3 Be4
44.Rc3 Bc6 45.Bf2 R8e2 46.Rxe2 Rxe2  1/2-1/2

[Event "URS-sf Russia-ch"]
[Site "Gorky"]
[Date "1989.??.??"]
[Round "?"]
[White "Baburin, Alexander"]
[Black "Dreev, Alexey"]
[Result "0-1"]
[WhiteElo "2415"]
[BlackElo "2570"]

1.d4 d5 2.c4 c6 3.cxd5 cxd5 4.Nc3 Nf6 5.Nf3 Nc6 6.Bf4 e6 7.e3 Nh5 8.Bg5 Qb6
9.Bb5 h6 10.Bh4 Bd7 11.O-O Bd6 12.e4 O-O 13.exd5 exd5 14.Ne5 Bxe5 15.dxe5 Nf4
16.Bg3 Ne6 17.Qxd5 Rfd8 18.Qe4 Ned4 19.a4 Bf5 20.Qh4 a6 21.Bc4 Qxb2 22.Nd5 Be6
23.Rab1 Qa3 24.Ne3 Rab8 25.Bf4 Bxc4 26.Nxc4 Qxa4  0-1

[Event "URS-chTJ"]
[Site "Kramatorsk"]
[Date "1989.??.??"]
[Round "?"]
[White "Ivanchuk, Vassily"]
[Black "Dreev, Alexey"]
[Result "1/2-1/2"]
[WhiteElo "2660"]
[BlackElo "2570"]

1.e4 e6 2.d4 d5 3.Nc3 Nf6 4.e5 Nfd7 5.f4 c5 6.Nf3 Nc6 7.Be3 cxd4 8.Nxd4 Bc5
9.Qd2 Bxd4 10.Bxd4 Nxd4 11.Qxd4 Qb6 12.Qxb6 Nxb6 13.Nb5 Ke7 14.Bd3 Bd7 15.Nd4 h5
16.b3 f6  1/2-1/2

[Event "URS-chTJ"]
[Site "Kramatorsk"]
[Date "1989.??.??"]
[Round "?"]
[White "Safin, Shukhrat"]
[Black "Dreev, Alexey"]
[Result "1/2-1/2"]
[WhiteElo "2365"]
[BlackElo "2570"]

1.d4 d5 2.c4 c6 3.cxd5 cxd5 4.Nc3 Nf6 5.Bf4 Nc6 6.e3 e6 7.Bd3 Be7 8.Nf3 Nh5
9.Be5 O-O 10.g4 Nf6 11.h4 Qb6 12.Bxf6 Qxb2 13.Bxe7 Qxc3+ 14.Kf1 Nxe7 15.Rc1 Qa3
16.Rc7 Qd6 17.Qc2 Nc6 18.Bxh7+ Kh8 19.Rxf7 Rxf7 20.Ng5 Rf6 21.Bg8 g6 22.Nf7+ Rxf7
23.Bxf7 e5 24.h5 g5 25.Qg6 Qxg6 26.hxg6+ Kg7 27.f4 exf4 28.exf4 Ne7 29.Rh7+ Kf6
30.fxg5+ Kxg5 31.g7 b6 32.Bxd5 Ba6+ 33.Ke1 Rd8 34.Rh8 Rxd5 35.Rh5+ Kf6 36.Rxd5 Bc4
37.Rd7 Bxa2 38.d5 Ng8 39.Rxa7 Bxd5 40.Ra6  1/2-1/2

[Event "URS-chTJ"]
[Site "Kramatorsk"]
[Date "1989.??.??"]
[Round "?"]
[White "Dreev, Alexey"]
[Black "Gelfand, Boris"]
[Result "1/2-1/2"]
[WhiteElo "2570"]
[BlackElo "2590"]

1.d4 Nf6 2.c4 g6 3.Nc3 Bg7 4.e4 d6 5.Nf3 O-O 6.Be2 e5 7.O-O Nc6 8.d5 Ne7
9.Ne1 Nd7 10.Nd3 f5 11.f3 f4 12.g4 Bf6 13.Bd2 h5 14.h3 Kf7 15.Be1 Rh8 16.Kg2 Ng8
17.Rc1 Bh4 18.Rh1 Kg7 19.Bxh4 Qxh4 20.Qe1 Qd8 21.Qf2 b6 22.Rcg1 a5 23.Kf1 Nc5
24.Ke1 Ne7  1/2-1/2

[Event "EUCup Moscow-ZSKA"]
[Site "Moscow"]
[Date "1989.??.??"]
[Round "?"]
[White "Dreev, Alexey"]
[Black "Tseitlin, Mikhail S"]
[Result "1/2-1/2"]
[WhiteElo "2520"]
[BlackElo "2460"]

1.d4 Nf6 2.c4 g6 3.Nc3 Bg7 4.e4 d6 5.Nf3 O-O 6.Be2 e5 7.O-O Nbd7 8.Be3 c6
9.d5 c5 10.Ne1 Ne8 11.Nd3 f5 12.exf5 gxf5 13.f4 e4 14.Nf2 Bxc3 15.bxc3 Ndf6
16.h3 Kh8  1/2-1/2

[Event "Moscow-A"]
[Site "Moscow"]
[Date "1989.??.??"]
[Round "?"]
[White "Dreev, Alexey"]
[Black "Fishbein, Alexander"]
[Result "1/2-1/2"]
[WhiteElo "2520"]
[BlackElo "2490"]

1.d4 Nf6 2.Nf3 g6 3.c3 Bg7 4.Bf4 b6 5.e3 c5 6.Be2 Bb7 7.O-O O-O 8.a4 d6 9.a5 Ba6
10.Bxa6 Nxa6 11.Qe2 Qc8 12.e4 Qb7 13.Re1 Rfc8 14.Bg5 e6 15.Nbd2 cxd4 16.Nxd4 Rc5
17.axb6 axb6 18.Be3 Ra5 19.Rxa5 bxa5 20.Qb5 Qxb5 21.Nxb5 Rb8 22.c4 Ng4 23.Ba7 Rb7
24.Ra1 Nb4 25.h3 Ne5 26.Rxa5 Nec6 27.Ra4 Bxb2 28.Be3 Rd7 29.Nb3 Kg7 30.Bd2 Nd3
31.Ra6 Nc5 32.Nxc5 dxc5 33.Rxc6 Rxd2 34.Rxc5 Re2 35.Kf1 Rxe4 36.g3 Kf6 37.Rc7 Be5
38.Rc8 g5 39.Kg2 Ke7 40.Kf3 Re1 41.c5  1/2-1/2

[Event "Moscow-A"]
[Site "Moscow"]
[Date "1989.??.??"]
[Round "?"]
[White "Dreev, Alexey"]
[Black "Geller, Efim P"]
[Result "1-0"]
[WhiteElo "2520"]
[BlackElo "2480"]

1.d4 Nf6 2.c4 g6 3.Nc3 Bg7 4.e4 d6 5.Nf3 O-O 6.Be2 e5 7.O-O Nc6 8.d5 Ne7
9.Nd2 a5 10.Rb1 Bd7 11.b3 Nc8 12.Bb2 Bh6 13.Qc2 Nh5 14.Bxh5 gxh5 15.f4 Bxf4
16.Rxf4 exf4 17.Ne2 Qg5 18.Nf3 Qh6 19.Bc1 Bg4 20.Nxf4 Qf6 21.Qd2 Ne7 22.Bb2 Qh6
23.Qc3 f6 24.Bc1 Qg7 25.Nd4 Ng6 26.Nfe6 Bxe6 27.Nxe6 Qf7 28.Nxf8 Rxf8 29.Bb2 b6
30.Rf1 Ne5 31.Qh3 Qg6 32.Bxe5 fxe5 33.Rxf8+ Kxf8 34.Qc8+ Kg7 35.Qxc7+ Kh6
36.Qxb6 Qxe4 37.Qxd6+ Kg5 38.h4+  1-0

[Event "EUCup Moscow-ZSKA"]
[Site "Moscow"]
[Date "1989.??.??"]
[Round "?"]
[White "Vyzmanavin, Alexey"]
[Black "Dreev, Alexey"]
[Result "0-1"]
[WhiteElo "2550"]
[BlackElo "2520"]

1.d4 d5 2.c4 c6 3.Nf3 Nf6 4.Nc3 e6 5.e3 Nbd7 6.Bd3 dxc4 7.Bxc4 b5 8.Bd3 Bb7
9.e4 b4 10.Na4 c5 11.e5 Nd5 12.O-O cxd4 13.Nxd4 Nxe5 14.Bb5+ Nd7 15.Re1 Rc8
16.Qh5 g6 17.Qe2 Qe7 18.Qg4 Nf6 19.Qh3 Bd5 20.Ba6 Ra8 21.Bg5 Bg7 22.Rad1 O-O
23.Nf5 gxf5 24.Rxd5 Qd8 25.Rb5 Qc7 26.Rc1 Qd6 27.Ra5 Ne4 28.Bh6 Bxh6 29.Qxh6 Rfd8
30.Bb7 Ndc5  0-1

[Event "Moscow-A"]
[Site "Moscow"]
[Date "1989.??.??"]
[Round "?"]
[White "Dreev, Alexey"]
[Black "Vyzmanavin, Alexey"]
[Result "1/2-1/2"]
[WhiteElo "2520"]
[BlackElo "2550"]

1.d4 Nf6 2.Nf3 e6 3.c4 b6 4.g3 Bb7 5.Bg2 Be7 6.O-O O-O 7.Nc3 Ne4 8.Nxe4 Bxe4
9.Ne1 Bxg2 10.Nxg2 d5 11.Qa4 Qd7 12.Qxd7 Nxd7 13.cxd5 exd5 14.Nf4 c6  1/2-1/2

[Event "Moscow-A"]
[Site "Moscow"]
[Date "1989.??.??"]
[Round "?"]
[White "Gruenberg, Hans Ulrich"]
[Black "Dreev, Alexey"]
[Result "1/2-1/2"]
[WhiteElo "2475"]
[BlackElo "2520"]

1.d4 d5 2.c4 c6 3.Nc3 Nf6 4.e3 e6 5.Nf3 Nbd7 6.Bd3 dxc4 7.Bxc4 b5 8.Bd3 Bb7
9.e4 b4 10.Na4 c5 11.e5 Nd5 12.Nxc5 Nxc5 13.dxc5 Bxc5 14.O-O h6 15.Qe2 Qb6
16.Bd2 Kf8 17.Rac1 g6 18.h4 Kg7 19.h5 g5 20.Rc2 Rac8 21.Rfc1 a5 22.Nh2 a4
23.Ng4 b3 24.axb3 axb3 25.Rc4 Ba6 26.Ra4 Bxd3 27.Qxd3 Be7 28.Rxc8 Rxc8 29.Ra6 Qc5
30.Rxe6 Qc2 31.Qxd5 Qd1+ 32.Kh2 Qxg4 33.Rxe7 Qxh5+  1/2-1/2

[Event "Moscow-A"]
[Site "Moscow"]
[Date "1989.??.??"]
[Round "?"]
[White "Murrey, Jacob"]
[Black "Dreev, Alexey"]
[Result "1-0"]
[WhiteElo "2560"]
[BlackElo "2520"]

1.e4 e5 2.Nf3 Nc6 3.Bb5 Nge7 4.Nc3 g6 5.d4 exd4 6.Nd5 Bg7 7.Bg5 h6 8.Bf6 Bxf6
9.Nxf6+ Kf8 10.Nxd4 Kg7 11.Qd2 Ng8 12.Nd5 Nf6 13.Nc3 Nh5 14.g4 Qg5 15.Qxg5 hxg5
16.Bxc6 dxc6 17.gxh5 Rxh5 18.f3 g4 19.Kf2 Rh3 20.fxg4 Bxg4 21.Rag1 Rd8 22.Rxg4 Rxd4
23.Kg2 Re3 24.Rf1 Rb4 25.Rf2 f5 26.Rgf4 fxe4 27.a3 Rd4 28.Ne2 Rd7 29.Ng3 Re7
30.Rg4 Kh7 31.Rff4  1-0

[Event "New York op"]
[Site "New York"]
[Date "1989.??.??"]
[Round "1"]
[White "Pliester, Leon"]
[Black "Dreev, Alexey"]
[Result "0-1"]
[WhiteElo "2385"]
[BlackElo "2520"]

1.d4 d5 2.c4 c6 3.Nc3 Nf6 4.Nf3 e6 5.e3 Nbd7 6.Bd3 dxc4 7.Bxc4 b5 8.Be2 Bb7
9.e4 b4 10.e5 bxc3 11.exf6 cxb2 12.fxg7 bxa1=Q 13.gxh8=Q Qa5+ 14.Bd2 Qxd1+
15.Bxd1 Qf5 16.O-O O-O-O 17.d5 Bd6 18.Qd4 c5 19.Qa4 Qxd5 20.Be2 Rg8 21.Rd1 Qe4
22.Qxe4 Bxe4 23.Ng5 Bd5 24.f3 f5 25.Nxh7 Be7 26.Ba6+ Kc7 27.Bf4+ Kd8 28.h4 Bxh4
29.g3 Bxg3 30.Bg5+ Kc7 31.Kg2 Bf4  0-1

[Event "New York op"]
[Site "New York"]
[Date "1989.??.??"]
[Round "2"]
[White "Dreev, Alexey"]
[Black "Seirawan, Yasser"]
[Result "1/2-1/2"]
[WhiteElo "2520"]
[BlackElo "2610"]

1.d4 d6 2.Nf3 g6 3.c3 Bg7 4.Bg5 h6 5.Bh4 Nf6 6.Nbd2 Bf5 7.e3 Nbd7 8.Be2 O-O
9.O-O Qe8 10.Bg3 e5 11.dxe5 dxe5 12.Qb3 Nc5 13.Qb4 Nfd7 14.Nb3 b6 15.Bb5 a5
16.Qa3 Qe6 17.Rfe1 c6 18.Bf1 Rfe8 19.Nxc5 Nxc5 20.b3 Nd3 21.Bxd3 Bxd3 22.e4 a4
23.bxa4 b5 24.a5 f6 25.Rad1 Bf8 26.Qb2 Bc4 27.Nd2 Bxa2 28.Ra1 Rxa5 29.Nb3 Ra3
30.Rxa2 Rxb3 31.Qd2 Qd6 32.Qc2 Ra3 33.Rd1 Rxc3 34.Rxd6 Rxc2 35.Rxc2 Bxd6
36.Rxc6 Rd8 37.Kf1 Kf7 38.Rb6 b4 39.Ke2 Ke7 40.f3 Rc8 41.Be1 Rc2+ 42.Bd2 Kd7
43.Kd3 Ra2 44.Bxb4 Bxb4 45.Rxb4 h5 46.Rb7+ Ke6 47.Rb6+ Kf7 48.Rb7+ Kf8 49.Rb8+ Kg7
50.Rb7+ Kh6 51.h4 Rxg2 52.Rf7 Rh2 53.Rxf6 Rxh4 54.Re6 Rf4 55.Ke3 h4 56.Rxe5 g5
57.Re6+ Kg7 58.Rb6 Rf6 59.Rxf6 Kxf6 60.f4 g4 61.Kf2 Ke6 62.Kg2 Kd6 63.Kf2 Kc5
64.f5 Kd6 65.f6 Ke6  1/2-1/2

[Event "New York op"]
[Site "New York"]
[Date "1989.??.??"]
[Round "4"]
[White "Polgar, Sofia"]
[Black "Dreev, Alexey"]
[Result "0-1"]
[WhiteElo "2295"]
[BlackElo "2520"]

1.e4 e6 2.d4 d5 3.Nc3 Nf6 4.Bg5 Bb4 5.e5 h6 6.Bd2 Bxc3 7.bxc3 Ne4 8.Qg4 g6
9.Bd3 Nxd2 10.Kxd2 c5 11.h4 Nc6 12.Qf4 cxd4 13.cxd4 Bd7 14.c3 Qe7 15.Qf6 O-O-O
16.Qxe7 Nxe7 17.h5 g5 18.Nf3 g4 19.Nh2 Rdg8 20.g3 Rg5 21.Be2 Rhg8 22.Nf1 R8g7
23.Ne3 Ng8 24.Rh4 f5 25.Ng2 Ne7 26.c4 dxc4 27.Bxc4 Nc6 28.Kc3 Re7 29.Nf4 Rg8
30.a3 Kb8 31.Ng6 Reg7 32.d5 exd5 33.Bxd5 Rc8 34.Kb2 Ne7 35.Bb3 Nxg6 36.hxg6 Rxg6
37.Rd1 Kc7 38.Rh5 Rb6 39.Ka2 Rf8 40.Rdh1 Re8 41.Rc1+ Kd8 42.Rd1 Rxe5 43.Ba4 Re2+
44.Ka1 Re7 45.Rxf5 Kc7 46.Bxd7 Rxd7 47.Rxd7+ Kxd7 48.Rf4 h5 49.Rf5 Rb3 50.Rxh5 Rxa3+
51.Kb2 Rf3 52.Rg5 Rxf2+ 53.Kb1 Kc6 54.Rxg4 a5 55.Rg8 b5 56.g4 Rg2 57.g5 Kc5
58.g6 Kb4 59.g7 a4 60.Kc1 a3 61.Kd1 a2 62.Ra8 Kb3  0-1

[Event "New York op"]
[Site "New York"]
[Date "1989.??.??"]
[Round "6"]
[White "De Firmian, Nick E"]
[Black "Dreev, Alexey"]
[Result "0-1"]
[WhiteElo "2570"]
[BlackElo "2520"]

1.e4 e6 2.d4 d5 3.Nc3 Nf6 4.Bg5 Be7 5.e5 Nfd7 6.Bxe7 Qxe7 7.f4 O-O 8.Nf3 c5
9.Qd2 Nc6 10.O-O-O a6 11.h4 b5 12.Rh3 f6 13.dxc5 Qxc5 14.Rg3 Nb6 15.Bd3 f5
16.Ne2 b4 17.Kb1 a5 18.Nfd4 Nxd4 19.Qe3 b3 20.Qxd4 bxa2+ 21.Kxa2 Qc6 22.h5 Na4
23.h6 g6 24.c4 Rd8 25.Bc2 Ba6 26.Bb3 Nb6 27.cxd5 Nxd5 28.Rc1 Nb4+ 29.Qxb4 axb4
30.Rxc6 Bb5+ 31.Kb1 Bxc6 32.Bxe6+ Kf8 33.Bb3 Be4+ 34.Bc2 Rd1+ 35.Nc1 Rc8  0-1